Metodología para la ordenación de la Cuenca del Río Cane-Iguaque (Registro nro. 4804)

Detalles MARC
000 -CABECERA
Campo de control 01748nam a2200253 a 4500
005 - FECHA Y HORA DE LA ULTIMA TRANSACCION
Campo de control 20200104041553.0
008 - ELEMENTOS DE LONGITUD FIJA—INFORMACION GENERAL
Campo de control 130808b2005 ck ||||| |||| 00| 0 spa d
040 ## - FUENTE DE CATALOGACIÓN
Agencia transcriptora CO-BoIH
041 ## - IDIOMA
Código de idioma para texto/pista de sonido o título separado Español
090 ## - CLASIFICACIÓN LOCAL
Colección IAVH
Consecutivo 00437
100 ## - ASIENTO PRINCIPAL--NOMBRE PERSONAL
Nombre personal Borda Almanza, Carlos Andrés
245 ## - MENCION DE TITULO
Título Metodología para la ordenación de la Cuenca del Río Cane-Iguaque
Parte restante del título fase diagnóstica
Mención de responsabilidad Carlos Andrés, Borda Almanza
260 ## - PUBLICACION, DISTRIBUCION, ETC. (PIE DE IMPRENTA)
Lugar de publicación, distribución, etc. Bogotá
Nombre del editor, distribuidor, etc. Instituto Alexander von Humboldt
Fecha de publicación, distribución, etc. 2005
300 ## - DESCRIPCION FISICA
Extensión 73 p.
500 ## - NOTA GENERAL
Nota general En el marco del plan de ordenación de la Cuenca del Rio Cane-Iguaque
520 ## - NOTA DE RESUMEN, ETC.
Nota de resumen El principal objetivo del ordenamiento de la cuenca es planificar el uso y manejo sostenible de los recursos naturales renovables y la conservación de la estructura físico-biótica de la cuenca y de sus recursos hídricos, en particular. El ordenamiento y manejo de cuencas se entiende como un proceso de planeación, el cual debe contener cinco fases: 1) diagnóstico, 2) prospectiva, 3) formulación, 4) ejecución, 5) seguimiento y evaluación. Con base en esta metodología se diseñan varias actividades, como: Estrategia de comunicación participativa y propuesta de educación ambiental. Caracterización de condiciones socioeconómicas e institucionales de la cuenca. Análisis del impacto de patrones de uso sobre el estado de la biodiversidad y servicios ambientales. Diseño de incentivos a partir de información recopilada en la fase de diagnóstico
650 ## - ASIENTO SECUNDARIO DE MATERIA - TERMINO TEMATICO
Término temático o nombre geográfico como elemento de entrada Ordenamiento territorial
650 ## - ASIENTO SECUNDARIO DE MATERIA - TERMINO TEMATICO
Término temático o nombre geográfico como elemento de entrada Educación ambiental
650 ## - ASIENTO SECUNDARIO DE MATERIA - TERMINO TEMATICO
Término temático o nombre geográfico como elemento de entrada Caracterización socioeconómica
650 ## - ASIENTO SECUNDARIO DE MATERIA - TERMINO TEMATICO
Término temático o nombre geográfico como elemento de entrada Impacto de patrones de uso
650 ## - ASIENTO SECUNDARIO DE MATERIA - TERMINO TEMATICO
Término temático o nombre geográfico como elemento de entrada Incentivos de conservación
942 ## - ELEMENTOS ADICIONALES (KOHA)
Sistema de clasificación Local
Tipo de ítem Informe Técnico
945 ## - PROCESAMIENTO LOCAL
AAAA-MM-DD - Fecha de ingreso o modificacion 2005-11-11
Existencias
Withdrawn status Lost status Sistema de Clasificación Damaged status No para préstamo Colección Inventariado Ubicación Permanente Ubicación actual Fecha de adquisición Fuente de Valor Total Checkouts Número topográfico Inventario / Código de Barras Date last seen Ejemplar Price effective from Forma de adquisición Tipo de material
    Local     Humboldt Inventariado 2017 Bogotá Bogotá 11/11/2005 CID Humboldt   IAVH-00437 022231 09/08/2024 Ej. 1 04/12/2012   Informe Técnico